000 00964na a2200277 4500
001 22003
003 MIRAKIL
005 20181226092842.0
008 170209b tu n0 0 0
035 _a22003
040 _aMilas
_btur
_cTR-AnCHP
041 _atur
090 _aATA 050 DER 63
245 _aLa Turquie Moderne
_c[yayınlayan] Yusuf Ziya Mardan
260 _aİstanbul
_c1935-1967
300 _ac.
_brnk. res.
_c30 sm.
310 _aAylık
500 _aMevcut sayılar: (25) 1 Ocak 1949; (27) 1 Mart 1949; (29) 1 Mayıs 1949; (30) 1 Haziran 1949; (31) 15 Haziran 1949; (50) 1 Ocak 1951; Aralık 1953; (90) Mayıs 1954; (120) Kasım 1956
650 _aTarih
_x20. yüzyıl
_ySüreli yayınlar
_zTürkiye
650 _aAtatürkçülük
_vSüreli yayınlar
_zTürkiye
651 _aTürkiye
_xSiyaset ve yönetim
_y20. yüzyıl
_y20. yüzyıl
655 _aDergi
700 _aMardan, Yusuf Ziya
910 _aATA DERGİ 63
942 _2ddc
_cSER
999 _c11339
_d11339